00535nam a22001697a 450000500170000001000290001702000260004603500270007203700130009903700120011208200110012410000190013524501000015426000350025427000540028930000220034320100821110341.0 aENG-101152 B-425225-226 a9788128826535c100.00 aEN-84685 B-425225-226 bDBAD/PUB bRBC/VEN a953.57 aPuri, Shamlal  aDubai on wheels :bthe slippery road to success in the city that never keeps /cby Shamlal Puri aNew DelhibDiamond Booksc2010 aX-30, Okhla Industrial Phase II bNew Delhie20102 a252p.c18cm (pbk)